000 00770nam a2200241 a 4500
001 62276
003 BD-RjUL
005 20211209081050.0
008 170123s2001 -sq||||| |||| 00| 0 eng d
020 _a3907622383
035 _a(BD-RjUL)62402
040 _aBD-RjUL
_beng
_cBD-RjUL
_dBD-RjUL
041 _aeng
082 _223
_a780.494
_bMUS 2001
245 _aMusikleben in der Schweiz /
_cPhilippe Albèra ... [ et. all. ]
260 _aZürich :
_bPro Helvetia,
_c2001.
300 _a129 p. :
_bIll. ;
_c 21 cm.
490 _aInformationen / Pro Helvetia, Schweizer Kulturstiftung
650 _aMusic
_zSwitzerland.
_9185230
700 _aAlbèra, Philippe
_9185231
830 _aInformationen / Pro Helvetia, Schweizer Kulturstiftung
_9185240
942 _2ddc
_cBK
999 _c62276
_d62276